| 000 | 01006nas a2200337 4500 | ||
|---|---|---|---|
| 001 | BR0702533 | ||
| 003 | BR-BrBNA | ||
| 005 | 20231205110753.0 | ||
| 007 | ta | ||
| 008 | 230509b bl.|||p| |||| 00| 00por d | ||
| 040 |
_aBR-BrBNA _bpor _cBiblioteca Nacional de Agricultura |
||
| 041 | _a(Pt) | ||
| 072 | _aL73 | ||
| 100 | 1 | _aCastro, R.S. | |
| 100 | 1 | _aMelo, L.E.H. de | |
| 245 | 1 | _aCaev e maedi-visna: importância na saúde e produtividade de caprinos e ovinos e a necessidade de seu controle no nordeste brasileiro | |
| 650 | _aCAPRINO | ||
| 650 | _aOVINO | ||
| 650 | _aCABRA LEITEIRA | ||
| 650 | _aENFERMIDADE | ||
| 650 | _aENCEFALITE | ||
| 650 | _aVÍRUS | ||
| 650 | _aMAMITE | ||
| 650 | _aEPIDEMIOLOGIA | ||
| 650 | _aANÁLISE | ||
| 650 | _aCADEIA PRODUTIVA | ||
| 650 | _aNORDESTE | ||
| 773 | 0 |
_tCiência Veterinária nos Trópicos (Brazil) _xISSN 1415-6326 _g(May-Dec 2001), v. 4(2-3) p. 315-320 _wBR0702533 |
|
| 909 |
_a202311 _bLúcia _c55 _dLúcia Elande |
||
| 942 |
_2AGRIS _n0 _cANA |
||
| 999 |
_c188978 _d188978 |
||